| 000 | 01099nam0a2200325 4500 | ||
|---|---|---|---|
| 001 | RU\NLR\BIBL_A\022599336 | ||
| 005 | 20260420051913.0 | ||
| 010 |
_a978-5-04-200151-2 _91500 |
||
| 021 |
_aRU _bКН-П-25-035039 _9КН-П-25-3458 |
||
| 035 | _a(NLR Aleph) 022599336 | ||
| 090 |
_a13681143 _c13681143 |
||
| 100 | _a20250811d2025 u y0rusy50 ca | ||
| 101 | 1 |
_arus _ceng |
|
| 102 | _aRU | ||
| 105 | _ay z 000ay | ||
| 181 | 0 |
_ai4 _baxxe |
|
| 182 | 0 | _an | |
| 200 | 1 |
_aУкрощая хаос _fБен Гэлли _gперевод [с английского] М. Головкина |
|
| 203 |
_aТекст _bвизуальный _cнепосредственный |
||
| 210 |
_aМосква _cЭксмо, Fanzon _d2025 |
||
| 215 |
_a604, [1] с. _d21 |
||
| 320 | _aДр. кн. авт. на 1-й с. | ||
| 333 | _a16+ | ||
| 686 | 1 | _aШ6(4Вл)67-445{Лх1299-62} | |
| 700 | 1 |
_7ca _8rus _aГэлли _bБ. _gБен _9260747 _3RU\NLR\AUTH\770260803 |
|
| 942 | _cBOOK | ||
| 980 | _aNB | ||